| 000 | 00956cam a22002894a 4500 | ||
|---|---|---|---|
| 001 | ocm67840160 | ||
| 003 | PILC | ||
| 005 | 20150112093446.0 | ||
| 008 | 060421s2007 njuab b 001 0 eng | ||
| 010 | _a2006013299 | ||
| 020 | _a9780471745228 | ||
| 020 | _a9780471745228 (pbk.) | ||
| 035 | _aCUA000262038 | ||
| 040 |
_aDLC _cDLC _dBAKER _dUKM _dBTCTA _dC#P _dYDXCP _dCOO _dCVU |
||
| 042 | _apcc | ||
| 049 | _aCVUA | ||
| 050 | 0 | 0 |
_aTX 911.3.P4 _b.So66 2007 |
| 082 | 0 | 0 |
_aR 647.940683 _bSo5 2007 |
| 100 | 1 |
_aSommerville, Kerry L., _d1957- _926495 |
|
| 245 | 1 | 0 |
_aHospitality employee management and supervision : _bconcepts and practical applications / _cKerry L. Sommerville. |
| 260 |
_aHoboken, N.J. : _bJohn Wiley, _c2007. |
||
| 300 |
_a344 pages : _bill.maps ; _c24 cm. |
||
| 504 | _aIncludes bibliographical references and index. | ||
| 650 | 0 |
_aHospitality industry _xPersonnel management. _926496 |
|
| 910 | _a20070809/w/c;ckc | ||
| 942 |
_2lcc _cBK |
||
| 999 |
_c14921 _d14921 |
||